The screening, identification, optimization and partial purification of industrially important bacterial [beta]-endoglucanase isolated from selected Malaysian soil and hot springs /
Saved in:
| Main Author: | |
|---|---|
| Format: | Thesis |
| Language: | English |
| Published: |
Gombak, Selangor :
Kulliyyah of Sciences, International Islamic University Malaysia,
2008
|
| Subjects: | |
| Online Access: | http://studentrepo.iium.edu.my/handle/123456789/6038 |
| Tags: |
Add Tag
No Tags, Be the first to tag this record!
|
| LEADER | 020300000a22003970004500 | ||
|---|---|---|---|
| 001 | 443735 | ||
| 005 | 20230419143648.0 | ||
| 008 | 090623t2008 my a g 000 0 eng d | ||
| 035 | |a (Sirsi) 443735 | ||
| 040 | |a UIAM |b eng | ||
| 043 | |a a-my-- | ||
| 050 | 0 | 0 | |a TP248.65.C44 |
| 100 | 0 | |a Rohani Salleh |9 72770 | |
| 245 | 1 | 4 | |a The screening, identification, optimization and partial purification of industrially important bacterial [beta]-endoglucanase isolated from selected Malaysian soil and hot springs / |c by Rohani Salleh |
| 260 | |a Gombak, Selangor : |b Kulliyyah of Sciences, International Islamic University Malaysia, |c 2008 | ||
| 300 | |a xv, 90 leaves : |b ill. ; |c 30 cm. | ||
| 336 | |2 rdacontent | ||
| 337 | |2 rdamedia | ||
| 338 | |2 rdacarrier | ||
| 500 | |a "A thesis submitted in fulfilment of the requirements for the degree of Master of Science (Biotechnology)"--On t.p. | ||
| 502 | |a Thesis (MSc.BTS) -- International Islamic University Malaysia, 2008. | ||
| 504 | |a Includes bibliographical references (leaves 62-66). | ||
| 546 | |a Abstract in English and Arabic. | ||
| 650 | 0 | |a Cellulase |9 67012 | |
| 650 | 0 | |a Cellulase |x Purification |9 90472 | |
| 650 | 0 | |a Bacillus subtilis |9 90473 | |
| 655 | 0 | 7 | |a Theses, IIUM local |
| 690 | 0 | |a Dissertations, Academic |x Department of Biotechnology |z IIUM | |
| 710 | 2 | |a International Islamic University Malaysia. |b Department of Biotechnology | |
| 856 | 4 | |u http://studentrepo.iium.edu.my/handle/123456789/6038 | |
| 900 | |a nhh-hj-fs | ||
| 942 | |2 lcc |n 0 | ||
| 999 | |c 433943 |d 464193 | ||
| 952 | |0 0 |6 LU T TP248.65C44R737S 2008 |7 0 |8 THESES |9 753460 |a IIUM |b IIUM |c CLOSEACCES |g 0.00 |o lu t TP248.65C44R737S 2008 |p 00011279473 |r 2017-11-01 |t 1 |v 0.00 |y THESIS | ||
| 952 | |0 0 |6 T TP 000248.65 C44R737S 2008 |7 0 |8 THESES |9 756161 |a IIUM |b IIUM |c MULTIMEDIA |g 0.00 |o t TP248.65C44R737S 2008 |p 00011098233 |r 2017-10-20 |t 1 |v 0.00 |y THESIS | ||
| 952 | |0 0 |6 TS CDF TP248.65C44R737S 2008 |7 0 |8 THESES |9 834523 |a IIUM |b IIUM |c MULTIMEDIA |g 0.00 |o ts cdf TP248.65C44R737S 2008 |p 11100326914 |r 2017-10-26 |t 1 |v 0.00 |y THESISDIG | ||
